ARRUPE JESUIT UNIVERSITY

CORONAVIRUS -STOP THE SPREAD - CLEAN,DISINFECT,COVER

A Vocation worth celebrating (Record no. 124729)

MARC details
000 -LEADER
fixed length control field 00480nam a22001337a 4500
008 - FIXED-LENGTH DATA ELEMENTS--GENERAL INFORMATION
fixed length control field 160427b xxu||||| |||| 00| 0 eng d
050 ## - LIBRARY OF CONGRESS CALL NUMBER
Classification number BX2435.V872
100 ## - MAIN ENTRY--PERSONAL NAME
Personal name Conference of Major Religious Superiors
9 (RLIN) 24158
245 ## - TITLE STATEMENT
Title A Vocation worth celebrating
Remainder of title : guidelines for religious life in Zimbabwe today
Statement of responsibility, etc /Conference of Major Religious Superiors
260 ## - PUBLICATION, DISTRIBUTION, ETC. (IMPRINT)
Place of publication, distribution, etc Harare
Name of publisher, distributor, etc CMRS Zimbabwe
Date of publication, distribution, etc n.d.
300 ## - PHYSICAL DESCRIPTION
Extent 30p.;
Dimensions 21cm.
650 ## - SUBJECT ADDED ENTRY--TOPICAL TERM
Topical term or geographic name as entry element Religious life
9 (RLIN) 5701
942 ## - ADDED ENTRY ELEMENTS (KOHA)
Source of classification or shelving scheme Library of Congress Classification
Item type Monograph ( Printed materials)
Holdings
Withdrawn status Lost status Source of classification or shelving scheme Damaged status Not for loan Collection code Home library Current library Shelving location Date acquired Total Checkouts Full call number Barcode Date last seen Price effective from Koha item type
    Library of Congress Classification     Main Collection ARRUPE LIBRARY ARRUPE LIBRARY Main Collection 27/04/2016   BX2435.V872 46500006446 22/11/2017 27/04/2016 Monograph ( Printed materials)

 

Arrupe Library. PO Box MP320 Mt Pleasant, Harare, Zimbabwe
263 242 745411|librarian@aju.ac.zw